| 000 | 00623cam a22002411 4500 | ||
|---|---|---|---|
| 001 | sa 67003227 | ||
| 003 | DLC | ||
| 005 | 20260227112336.0 | ||
| 008 | 890918s1966 ii 000 0 hino | ||
| 010 | _asa 67003227 | ||
| 035 | _a(OCoLC)20362315 | ||
| 040 |
_aDLC _cWaU _dDLC |
||
| 042 | _apremarc | ||
| 043 | _aa-ii--- | ||
| 050 | 0 | 0 |
_aJQ620.R28 _bG35 |
| 100 | 1 | _aGandhi, A. L. | |
| 245 | 1 | 0 | _aRājasthāna kā śāsana prabandha. |
| 260 | _c[1966] | ||
| 300 |
_a108 p. _c22 cm. |
||
| 500 | _aIn Hindi. | ||
| 650 | 0 |
_aLocal government _zIndia _zRajasthan. |
|
| 651 | 0 |
_aRajasthan (India) _xPolitics and government. |
|
| 999 |
_c73715 _d73715 |
||